El sexto sentido /

La percepción del mundo por parte de los animales. Comparación de las posibilidades de percepción entre los humanos y los animales. Emisión de electricidad. Percepción del clima. Reloj biológico.

Guardado en:
Formato: Deslizar
Series:SOS Vida
Materias:
Etiquetas: Agregar Etiqueta
Sin Etiquetas, Sea el primero en etiquetar este registro!
LEADER 00892ngm a22002415g 4500
001 CEM.cems021650
008 130507b1992##################0###0#####d
005 20240902195635.0
245 0 0 |a El sexto sentido / 
300 |a 40 
490 0 |a SOS Vida 
500 |a En soporte VHS, consultar en ventanilla. 
520 |a La percepción del mundo por parte de los animales. Comparación de las posibilidades de percepción entre los humanos y los animales. Emisión de electricidad. Percepción del clima. Reloj biológico. 
538 |a Soporte: VHS - Norma: Pal N - Color - Grabación DRD 1992 - Hitachi=3119 
082 5 7 |. 5/SAN 
653 |a ZOOLOGIA 
653 |a ECOLOGIA 
653 |a COMPORTAMIENTO ANIMAL 
653 |a RELOJ BIOLOGICO 
653 |a RELOJ 
653 |a ANIMALES 
653 |a NIVEL SECUNDARIO 
859 |a CEMS  |b BIB. CEMS - Depto. Recursos Didacticos  |h 574.5  |i SAN  |k DRD  |p 293.12  |t Ej.1